000 00289nam a2200121Ia 4500
008 190216s9999||||xx |||||||||||||| ||und||
100 _aSrinivasan K N
245 0 _aKannukali Samrakshnam
260 _bKerala Bhasha Institute
_c1976
300 _axxxiip
650 _aZoology
942 _cBK
999 _c37658
_d37658